| 000 | 01668cad a2200265 4500 | ||
|---|---|---|---|
| 001 | L158666 | ||
| 008 | 110215n2013 000 0 eng u | ||
| 020 | _a9781783210305 | ||
| 035 | _a(Sirsi) u158666 | ||
| 041 | _aeng | ||
| 100 | 1 | _aRahn, Keith | |
| 111 | 2 |
_aConstruction and Building Research Conference _cIIT Delhi, New Delhi _d10-12 September 2013 |
|
| 245 | 0 | 0 |
_aCase study _bUsing the Public Private Partnership model to construct a new residence facility at a Midwest University _h[electronic resource] |
| 260 |
_aLondon _bRICS _c2013 |
||
| 490 | 0 |
_aCOBRA _v2013 |
|
| 520 | _aA paper presented at the COBRA Conference in New Delhi on 10-12 September 2013. Focuses on the use of a successful Public Private Partnerships (PPP), which has provided a Midwest university a means to construct a much needed residence facility on a fast track schedule without state funding. Residence facilities are viewed as good investments from private sources since they are sources that generate revenues. Many of the requests for proposals (RFP) are soliciting private investors to develop and manage residential facilities for the universities. Management of the facilities by the investors reduces the operating cost for the university. Students benefit from the PPP model because the development team addresses the specific needs of the population to increase their investment potential. | ||
| 650 | 2 | 4 | _aCONSTRUCTION AND BUILDING RESEARCH CONFERENCE (COBRA) |
| 650 | 2 | 4 | _aPUBLIC PRIVATE PARTNERSHIPS |
| 650 | 2 | 4 | _aFUNDING |
| 650 | 2 | 4 | _aUNIVERSITY ACCOMMODATION |
| 651 | 4 | _aUnited States | |
| 690 |
_aProcurement _96260 |
||
| 700 | 1 | _aSchmidt, K. | |
| 942 | _n0 | ||
| 999 |
_c115445 _d115445 |
||